000 00943nam a22002655i 4500
999 _c128280
_d128280
001 20280984
003 ARRUPE
005 20181002100000.0
008 180112s2018 nju 000 0 eng
010 _a 2018931297
020 _a9780809154197 (pbk. : alk. paper)
020 _a9781587688010 (ebk. : alk. paper)
040 _aDLC
_beng
_erda
_cDLC
042 _apcc
050 _aBX3756.G12 C338
100 1 _aCasey, Thomas G.
_942648
245 1 0 _aWisdom at the crossroads :
_bthe life and thought of michael Paul Gallagher /
_cThomas G. Casey, SJ.
260 _aDublin
_bMessenger Publications
_c2018
300 _a144p.
_c21cm.
906 _a0
_bibc
_corignew
_d2
_eepcn
_f20
_gy-gencatlg
942 _2lcc
_cMONOGRAPH